000 01160nam a2200289 i 4500
001 bg
003 KOSZ 005
005 20200403104904.0
008 080625s1962 pl a f 000 0 pol
015 _aPB 1962/3260
040 _aWA N
_cKOSZ 005/RW
_dKOSZ 005/RW
080 _a620
100 1 _aDyląg, Zdzisław
_d(1923-2015)
_eAutor
245 1 0 _aWytrzymałość zmęczeniowa materiałów /
_cZdzisław Dyląg, Zbigniew Orłoś.
260 _aWarszawa :
_bWydawnictwa Naukowo-Techniczne,
_c1962.
300 _a282, [1] s. :
_bil. ;
_c25 cm.
380 _aKsiążki.
504 _aBibliogr. s. 277-[283].
521 8 _aDla inżynierów: mechaników, elektryków, budowlanych pracujących w dziedzinie konstrukcji i technologii. - Również dla studentów.
655 4 _aPodręczniki akademickie
650 4 _aMechanika stosowana
650 4 _aWytrzymałość materiałów
710 2 _aWydawnictwa Naukowo-Techniczne
_4pbl.
700 1 _aOrłoś, Zbigniew
_d(1921-2014)
_eAutor
856 _uhttp://koha.tu.koszalin.pl/cgi-bin/koha/opac-detail.pl?biblionumber=10753
_yKatalog online BPK
942 _2UKD
_cKS
999 _c10753
_d10753